| 000 | 01207cam a2200373 i 4500 | ||
|---|---|---|---|
| 001 | 3621 | ||
| 003 | FISKH | ||
| 005 | 20240328140309.0 | ||
| 008 | 140509s2014 fr b 001 0 fre | ||
| 010 | _a 2014419819 | ||
| 020 | _a9782724615005 (pbk.) | ||
| 020 | _a272461500X (pbk.) | ||
| 040 |
_aDLC _beng _erda _cDLC |
||
| 042 | _apcc | ||
| 043 | _aa-cc--- | ||
| 050 | 0 | 0 |
_aJQ1510 _b.C34 2014 |
| 082 | _a951 | ||
| 100 | 1 | _aCabestan, Jean-Pierre. | |
| 245 | 1 | 3 |
_aLe système politique chinois : _bun nouvel équilibre autoritaire / _cJean-Pierre Cabestan. |
| 264 | 1 |
_aParis : _bSciences Po Les Presses, _c[2014] |
|
| 300 |
_a708 pages ; _c20 cm. |
||
| 336 |
_atext _btxt _2rdacontent |
||
| 337 |
_aunmediated _bn _2rdamedia |
||
| 338 |
_avolume _bnc _2rdacarrier |
||
| 490 | 0 | _aRéférences. Domaine Monde et sociétés | |
| 504 | _aIncludes bibliographical references (pages 629-665) and indexes. | ||
| 610 | 2 | 0 | _aZhongguo gong chan dang. |
| 650 | 0 |
_aPolitical culture _zChina. |
|
| 650 | 0 |
_aBureaucracy _zChina. |
|
| 651 | 0 |
_aChina _xPolitics and government. |
|
| 906 |
_a7 _bcbc _corigres _d3 _encip _f20 _gy-gencatlg |
||
| 942 |
_2ddc _cBK _n0 |
||
| 999 |
_c3621 _d3621 |
||